Henri Matisse 2006

Bibliographic Details
Corporate Authors: Tate (Author), Réunion des musées nationaux (Paríž, Francúzsko) (Photographer)
Format: Photo
Language:English
PhysicalDescription:1 kalendár ([12] l.) fareb. fotogr. 60 x 46 cm
Published: [Banská Bystrica] Spektrum Grafik [2005]
Subjects:

MARC

LEADER 00000nkm a2200000 a 4500
001 vtls008628875
003 SK-MaSNL
005 20260301205415.0
007 kj cou
008 200701s2005 xo g kueng
015 |a SNBG2006/02-00576 
040 |a SNK  |b slo  |c SNK  |e AACR2 
041 0 |a eng 
043 |a e-fr--- 
044 |a xo  |c SK 
080 |a 75(44)  |2 2001 
080 |a 7.026  |2 2001 
080 |a (059)  |2 2001 
080 |a 75.071.1  |2 2001 
110 2 |a Tate  |4 aut  |9 591480 
245 1 0 |a Henri Matisse 2006  |h grafika  |c photo: Tate, Réunion des Musées Nationaux 
260 |a [Banská Bystrica]  |b Spektrum Grafik  |c [2005] 
300 |a 1 kalendár ([12] l.)  |b fareb. fotogr.  |c 60 x 46 cm 
500 |a Mesačný kalendár 
600 1 7 |a Matisse, Henri,  |d 1869-1954  |2 SNKMA  |9 251951 
648 7 |a 19.-20. stor.  |2 SNKPH  |9 268609 
650 0 7 |a francúzske maliarstvo  |2 SNKPH  |9 3115 
650 0 7 |a maliari  |2 SNKPH  |9 3150 
651 7 |a Francúzsko  |2 SNKPH  |9 15907 
655 7 |a reprodukcie umeleckých diel  |2 S NKPH  |9 70730 
655 7 |a nástenné viaclistové kalendáre  |2 SNKPH  |9 302208 
710 2 |a Réunion des musées nationaux (Paríž, Francúzsko)  |4 pht  |9 35992 
919 |a ISBN 
958 |a GBN 
999 |c 909986  |d 911916 
952 |a SNK  |b SNK  |y PREZ  |7 0  |p 17A0501325  |o snkOSA 796  |i snk2006/4892  |8 0  |0 0  |1 0  |4 0  |d 2006-03-07  |l 0  |r 2026-02-24 07:40:42  |w 2026-02-24 
952 |a SNK  |b SNK  |y VYP  |7 0  |p 17A0501321  |o snkOSA 796 D1  |i snk2006/4893  |8 0  |0 0  |1 0  |4 0  |d 2006-03-07  |l 0  |r 2026-02-24 07:40:42  |w 2026-02-24